Mangroves : The forgotten forest between land and sea

Bibliographic Details
Main Author: MATALLER
Format: Book
Published: Kuala Lumpur : Tropical Press , 1997
Subjects:

MARC

LEADER 00000cam a2200000 7i4500
001 0000001184
005 20040322.0
020 0 0 |a 9677300873 
090 0 0 |a 583.42   |b MAT 1997 
100 1 0 |a MATALLER   |h Michael 
245 1 0 |a Mangroves :   |b The forgotten forest between land and sea   |c Michael Mastaller 
260 0 0 |a Kuala Lumpur :   |b Tropical Press ,   |c 1997 
300 |a xv, 200 p. :   |b ill. ;   |c 31 cm. 
500 0 0 |a Bibliography : [p. 188-181] and index 
650 0 0 |a Mangrove plants 
650 0 0 |a Mangrove swamp conservation 
650 0 0 |a Mangrove swamps 
650 0 0 |a Mangrove swamps ecology 
998 |a JPSM 
999 |a 0000002066   |b Monograph   |c Open Shelf   |e Default branch 
999 |a 0000002067   |b Monograph   |c Reference   |e Default branch